| 000 | 00572nam a22001937a 4500 | ||
|---|---|---|---|
| 008 | 160226b xxu||||| |||| 00| 0 eng d | ||
| 022 | _a00664154 | ||
| 050 | _aQP501.A7(vol.71) | ||
| 245 |
_aAnnual review of biochemistry. / _cedited by Charles C.Richardson et. al... |
||
| 260 |
_aCalifornia: _bAnnual review, _c2002. |
||
| 300 |
_ax, 1051p. _bill(some col.); _c24cm. |
||
| 440 | _vvol.71 | ||
| 500 | _aincludes index | ||
| 650 | _aBiochemistry | ||
| 800 | _aRichardson, Charles C. | ||
| 800 | _aKornberg Roger | ||
| 800 | _aRaetz, Christian R.H. | ||
| 942 |
_2lcc _cBK |
||
| 999 |
_c5920 _d13420 |
||